Conociendo nuestros derechos La Constitución Política del Estado/
El cuaderno No. 1 Conociendo nuestros derechos juego la constitución política del Estado el objetivo es conocer los derechos, deberes y garantías que están expresados en la Constitución Política del Estado de Bolivia
Guardat en:
| Autor corporatiu: | , |
|---|---|
| Format: | Llibre |
| Idioma: | Spanish |
| Publicat: |
La Paz, Bolivia:
Fundación San Gabriel. Área de Promoción de la Mujer
Sin fecha
|
| Col·lecció: | Serie Mujer y Derechos
Cuaderno no.1 |
| Matèries: | |
| Etiquetes: |
Afegir etiqueta
Sense etiquetes, Sigues el primer a etiquetar aquest registre!
|
MARC
| LEADER | 00000nam a2200000 4500 | ||
|---|---|---|---|
| 003 | cru CRAI-IS | ||
| 005 | 20220520182906.0 | ||
| 008 | 210910bs.f. bo ||||| |||| 00| 0 spa d | ||
| 040 | |b spa |c CRAI-IIS | ||
| 090 | |a 05.03.03 F981c | ||
| 110 | 1 | |9 10080 |a Fundación San Gabriel. Área de Promoción de la Mujer | |
| 245 | 1 | |a Conociendo nuestros derechos |b La Constitución Política del Estado/ |c Fundación San Gabriel. Área de Promoción de la Mujer; Programa Asistencia y Promoción Legal | |
| 260 | |a La Paz, Bolivia: |b Fundación San Gabriel. Área de Promoción de la Mujer |c Sin fecha | ||
| 300 | |a 19 tarjetas, 2 hojas, 3 dados |c 21X17cm | ||
| 336 | |b gsso | ||
| 490 | |a Serie Mujer y Derechos |v Cuaderno no.1 | ||
| 500 | |a Colección Alforja | ||
| 505 | |a El juego La Constitución Política del Estado República de Bolivia trae : 1) 1 hoja de instrucciones para la persona organizadora 2) 1 hojas de evaluación para rellenar. 3) 3 tarjetas color blanco que definen quiénes son ciudadanos bolivianos, derecho a concurrir como elector o elegible a la formación o ejercicio de los poderes públicos y otra tarjeta ejercer las funciones públicas 4) 5 tarjetas color amarillo con los artículos sobre los deberes (6,9,12,15 y 17). 5) 6 tarjetas color azul con las garantías establecidas en los artículos (5,8,11 y 11) de la Constitución. 5) 5 carteles Pueden jugar hasta 13 personas | ||
| 520 | 3 | |a El cuaderno No. 1 Conociendo nuestros derechos juego la constitución política del Estado el objetivo es conocer los derechos, deberes y garantías que están expresados en la Constitución Política del Estado de Bolivia | |
| 650 | 0 | 0 | |0 TESAUROS |2 OCDE |9 113 |a PARTICIPACION DE LA MUJER |
| 650 | 0 | 0 | |9 3841 |a DERECHOS CIVILES |0 TESAUROS |2 OCDE |
| 650 | 0 | 0 | |9 5239 |a CONSTITUCION POLITICA |0 TESAUROS |
| 710 | 1 | |9 10441 |a Jiménez B., Maritza | |
| 942 | |2 z |c LI | ||
| 999 | |c 44254 |d 44254 | ||
